Statistiques concernant Culture Générale - Série 551

Cliquez ici pour prendre le quiz!

Statistiques générales

  • Ce quiz a été pris 190 fois
  • Le résultat moyen est 6 sur 10

Statistiques - réponses

QuestionRéponse% Correct
Au sud de quel continent le détroit de Magellan est-il situé ?Amérique
91%
De quel légume enlève-t-on le foin pour en manger les feuilles et le coeur ?artichaut
81%
Dans le film "Le Quai des Brumes", quel acteur prononce la phrase : "T'as d'beaux yeux, tu sais" ?Jean Gabin
76%
Quel type de dents de lait poussent en premier dans la bouche d'un bébé ?incisives
71%
Dans quel film d'animation découvre-t-on le lion Alex et le zèbre Marty en 2005 ?Madagascar
70%
Sur une plage, quel nom désigne la personne qui loue et entretient les cabines et les matelas ?plagiste
66%
Dans quel sport Joe DiMaggio, l'ex-mari de Marilyn Monroe, s'est-il illustré au plus haut niveau ?baseball
53%
De quel jeu de cartes le whist est-il l'ancêtre ?bridge
39%
En électricité, quel est le nom de l'électrode positive ?anode
34%
Quel feuilleton dérivé de la série "Dallas" met en scène Gary Ewing, le frère de J.R. ?Côte Ouest
19%

Distribution des résultats

Percentile par nombre de réponses

% des personnes avec chaque résultat

Votre développement - résultats

Vous n’avez pas pris ce quiz